| 000 | 00612cam a22001937i 4500 | ||
|---|---|---|---|
| 008 | 240311s2013 gw a b 001 0 eng | ||
| 020 | _a9783527331628 | ||
| 050 | 0 | 0 |
_aTA403.9 _b.S64 |
| 245 | 0 | 0 |
_aSoft fibrillar materials : _bfabrication and applications / _cedited by Xiang Yang Liu and Jing-Liang Li. |
| 260 |
_aGermany _bWiley-Vch |
||
| 300 |
_axviii, 302 pages : _billustrations (some color) ; |
||
| 650 | 0 | _aFibers. | |
| 650 | 0 | _aSoft condensed matter. | |
| 650 | 0 | _aPolymer networks. | |
| 650 | 0 |
_aColloids. _vPolymer networks |
|
| 700 | 1 | _aLiu, Xiang Yang, | |
| 700 | 1 | _aLi, Jing-Liang, | |
| 942 | _cBK | ||
| 999 |
_c3544 _d3544 |
||